000 00439nam a22001577a 4500
999 _c12824
_d12824
008 210608b ||||| |||| 00| 0 eng d
020 _a0074602969
082 0 0 _a621.183
_bC4957
100 _92195
_aChattopadhyay, P.
245 1 0 _aBoiler operations questions and answers /
_cby P. Chattopadhyay
250 _a1st ed.
260 _aNew Delhi:
_bTata McGrawhill,
_c c1994.
300 _ax, 627 p.
650 0 _aSteam Boilers
942 _cBK